[Event "83rd ch-UKR 2014"]
[Site "Lviv UKR"]
[Date "2014.11.11"]
[Round "1.1"]
[White "Ponomariov, Ruslan"]
[Black "Areshchenko, Alexander"]
[Result "1-0"]
[WhiteTitle "GM"]
[BlackTitle "GM"]
[WhiteElo "2711"]
[BlackElo "2655"]
[WhiteFideId "14103320"]
[BlackFideId "14109530"]
[EventDate "2014.11.11"]

1. e4 c5 2. Nf3 d6 3. d4 cxd4 4. Nxd4 Nf6 5. Nc3 a6 6. h3 e5 7. Nde2 h5 8. g3
Be7 9. Bg2 O-O 10. Be3 Nbd7 11. a4 Qc7 12. g4 hxg4 13. hxg4 Nb6 14. g5 Ng4 15.
Qd3 Qd8 16. a5 Nxe3 17. Qxe3 Nc4 18. Qg3 Bxg5 19. b3 Nxa5 20. Rxa5 Qxa5 21. Qxg5
Be6 22. Qh5 f6 23. Bf3 1-0

[Event "83rd ch-UKR 2014"]
[Site "Lviv UKR"]
[Date "2014.11.11"]
[Round "1.2"]
[White "Ivanchuk, Vassily"]
[Black "Kryvoruchko, Yuriy"]
[Result "1/2-1/2"]
[WhiteTitle "GM"]
[BlackTitle "GM"]
[WhiteElo "2726"]
[BlackElo "2706"]
[WhiteFideId "14100010"]
[BlackFideId "14109182"]
[EventDate "2014.11.11"]

1. e4 e5 2. Nf3 Nc6 3. Bc4 Bc5 4. O-O Nf6 5. d3 d6 6. c3 a6 7. Bb3 Ba7 8. Re1 h6
9. Nbd2 O-O 10. Nf1 Be6 11. Be3 Qd7 12. Ba4 b5 13. Bc2 Ne7 14. d4 Ng6 15. h3 c6
16. Ng3 Qc7 17. Qd2 Rfe8 18. Nf5 Bxf5 19. exf5 Nf4 20. Bxf4 exf4 21. Qxf4 Rxe1+
22. Rxe1 Re8 23. Rxe8+ Nxe8 24. g4 Kf8 25. h4 f6 26. d5 cxd5 27. Bb3 Qf7 28. g5
hxg5 29. hxg5 Qe7 30. Kf1 Qe4 31. Qxe4 dxe4 32. Nd2 e3 33. Ne4 fxg5 34. f3 Ke7
35. Ke2 g4 36. fxg4 Nf6 37. Nxf6 gxf6 38. Bd5 Kd7 39. b4 Bb6 40. Bb7 a5 41. a3
axb4 42. axb4 Kc7 43. Be4 Kd7 44. Kf3 Kc7 45. Bd5 Kd7 46. Bf7 Ke7 47. Be6 Kd8
48. Ke2 Kc7 49. Kd3 Kd8 50. c4 bxc4+ 51. Bxc4 Kd7 52. Bb5+ Kc7 53. Ke4 d5+ 54.
Kxd5 e2 55. Bxe2 1/2-1/2

[Event "83rd ch-UKR 2014"]
[Site "Lviv UKR"]
[Date "2014.11.11"]
[Round "1.3"]
[White "Kovchan, Alexander"]
[Black "Eljanov, Pavel"]
[Result "0-1"]
[WhiteTitle "GM"]
[BlackTitle "GM"]
[WhiteElo "2585"]
[BlackElo "2719"]
[WhiteFideId "14103052"]
[BlackFideId "14102951"]
[EventDate "2014.11.11"]

1. e4 c5 2. Nf3 e6 3. d4 cxd4 4. Nxd4 Nc6 5. Nc3 Qc7 6. Be2 Nf6 7. O-O Be7 8.
Be3 O-O 9. f4 d6 10. Kh1 Nxd4 11. Qxd4 b6 12. e5 dxe5 13. fxe5 Nd7 14. Bf3 Ba6
15. Bxa8 Bxf1 16. Rxf1 Rxa8 17. Qf4 Rf8 18. Bd4 a6 19. Rf3 Bc5 20. Rd3 Bxd4 21.
Qxd4 Nxe5 22. Qd6 Qb8 23. Rd4 Rc8 24. Qxb8 Rxb8 25. Na4 h5 26. h3 Rc8 27. c3 Nc4
28. b4 e5 29. Rd7 Rc6 30. Kg1 e4 31. Rd4 e3 32. g4 hxg4 33. hxg4 Kh7 34. Kf1
Rf6+ 35. Ke1 b5 36. Nc5 Rf2 37. Ne4 Rxa2 38. Rd5 f6 39. Rd3 Kg6 40. g5 f5 0-1

[Event "83rd ch-UKR 2014"]
[Site "Lviv UKR"]
[Date "2014.11.11"]
[Round "1.4"]
[White "Bogdanovich, Stanislav"]
[Black "Kuzubov, Yuriy"]
[Result "0-1"]
[WhiteTitle "IM"]
[BlackTitle "GM"]
[WhiteElo "2590"]
[BlackElo "2661"]
[WhiteFideId "14115298"]
[BlackFideId "14112906"]
[EventDate "2014.11.11"]

1. d4 Nf6 2. Nf3 e6 3. c4 Bb4+ 4. Nbd2 d5 5. e3 O-O 6. a3 Be7 7. Bd3 c5 8. dxc5
a5 9. Rb1 Bxc5 10. O-O Nc6 11. Qc2 Qe7 12. cxd5 exd5 13. e4 h6 14. exd5 Nxd5 15.
Re1 Be6 16. Bh7+ Kh8 17. Bf5 Nd4 18. Nxd4 Bxf5 19. Qd1 Bg4 20. N4f3 Qd8 21. Ne4
Ba7 22. h3 Bf5 23. Ra1 Rc8 24. Bd2 Qb6 25. Kh1 Bb8 26. Qa4 Rfe8 27. Nc3 Rxe1+
28. Rxe1 Nf6 29. Be3 Qxb2 30. Qxa5 Qxc3 31. Qxf5 Qc2 32. Qb5 Qc6 33. Qb2 Re8 34.
Rc1 Qd5 35. Bxh6 Bd6 36. Bg5 Ne4 37. Bh6 Nxf2+ 38. Kg1 Nxh3+ 39. gxh3 f6 40. Rf1
gxh6 41. Qxf6+ Kh7 42. Kh1 Re2 43. h4 b5 44. Qc3 Qe4 0-1

[Event "83rd ch-UKR 2014"]
[Site "Lviv UKR"]
[Date "2014.11.11"]
[Round "1.5"]
[White "Zubarev, Alexander1"]
[Black "Korobov, Anton"]
[Result "0-1"]
[WhiteTitle "GM"]
[BlackTitle "GM"]
[WhiteElo "2588"]
[BlackElo "2680"]
[WhiteFideId "14104385"]
[BlackFideId "14105730"]
[EventDate "2014.11.11"]

1. e4 c5 2. Nf3 d6 3. Bb5+ Nd7 4. d4 Nf6 5. O-O a6 6. Bxd7+ Nxd7 7. Bg5 h6 8.
Bh4 g5 9. Bg3 Bg7 10. Nc3 O-O 11. dxc5 Nxc5 12. Nd4 Kh7 13. h4 e5 14. Nf5 Nxe4
15. Nxe4 Bxf5 16. Nxd6 Bg6 17. Qd5 Qe7 18. Rfe1 Rad8 19. Rad1 Bxc2 20. Rd2 Bg6
21. hxg5 hxg5 22. f3 Rd7 23. Bxe5 Rfd8 24. Qa5 b6 25. Qc3 Qe6 26. Re3 f6 27. Bg3
Qxa2 28. Kf2 a5 29. Re1 a4 30. Qc6 Qb3 31. Rde2 Qb4 32. Ne4 Bxe4 33. Rh1+ Kg6
34. fxe4 Rd2 35. Rxd2 Qxd2+ 36. Kf1 Qd3+ 37. Kf2 Bf8 0-1

[Event "83rd ch-UKR 2014"]
[Site "Lviv UKR"]
[Date "2014.11.11"]
[Round "1.6"]
[White "Zubov, Alexander"]
[Black "Moiseenko, Alexander"]
[Result "0-1"]
[WhiteTitle "GM"]
[BlackTitle "GM"]
[WhiteElo "2588"]
[BlackElo "2701"]
[WhiteFideId "14109409"]
[BlackFideId "14102560"]
[EventDate "2014.11.11"]

1. d4 Nf6 2. c4 e6 3. Nf3 d5 4. Nc3 Bb4 5. Bg5 Nbd7 6. cxd5 exd5 7. Rc1 c6 8. a3
Bd6 9. e3 O-O 10. Be2 Re8 11. Bh4 Nf8 12. Bg3 Ng6 13. Bxd6 Qxd6 14. O-O Bg4 15.
Na4 Ne4 16. Nc5 Nxc5 17. dxc5 Qf6 18. Qd4 Ne5 19. Kh1 Bxf3 20. Bxf3 Re6 21. Be2
Rae8 22. Rcd1 Qe7 23. Qc3 Rh6 24. Rd4 f5 25. b4 a6 26. Qc2 Qg5 27. Rf4 Rf8 28.
Bd3 Qh5 29. h3 Rhf6 30. Qe2 Qh6 31. Kg1 Kh8 32. Rd4 Nf7 33. g3 g5 34. h4 Rg8 35.
Kg2 f4 36. Qb2 f3+ 37. Kh2 Ne5 38. Rh1 Qg7 39. hxg5 Nxd3 40. Qd2 Nxf2 41. Qxf2
Qxg5 42. Rf4 Rxf4 43. exf4 Qh6+ 44. Kg1 Qxf4 0-1

[Event "83rd ch-UKR 2014"]
[Site "Lviv UKR"]
[Date "2014.11.12"]
[Round "2.1"]
[White "Korobov, Anton"]
[Black "Ponomariov, Ruslan"]
[Result "1-0"]
[WhiteTitle "GM"]
[BlackTitle "GM"]
[WhiteElo "2680"]
[BlackElo "2711"]
[WhiteFideId "14105730"]
[BlackFideId "14103320"]
[EventDate "2014.11.11"]

1. d4 Nf6 2. c4 e6 3. Nf3 b6 4. g3 Ba6 5. Qb3 d5 6. cxd5 Qxd5 7. Qc2 Nc6 8. Nc3
Nb4 9. Qa4+ Qc6 10. Qb3 Nd3+ 11. exd3 Qxf3 12. Qa4+ b5 13. Qxa6 Qxh1 14. Qxb5+
Nd7 15. d5 Rb8 16. Qc4 Bd6 17. dxe6 Ne5 18. exf7+ Kf8 19. Qe4 Qxh2 20. d4 Nxf7
21. Qf3 Re8+ 22. Be3 Qh6 23. Bb5 Qf6 24. Qxf6 Rxe3+ 25. fxe3 gxf6 26. Ne4 Bb4+
27. Ke2 f5 28. a3 Be7 29. Nc5 Bxc5 30. dxc5 Rg8 31. Rf1 Rxg3 32. Rxf5 Ke7 33. b4
Ng5 34. Rd5 h5 35. Rd7+ Kf6 36. Rxc7 h4 37. Bc6 h3 38. b5 Rg1 39. b6 axb6 40.
cxb6 Rb1 41. b7 Rb2+ 42. Kd1 h2 43. Rc8 Nh3 44. Kc1 1-0

[Event "83rd ch-UKR 2014"]
[Site "Lviv UKR"]
[Date "2014.11.12"]
[Round "2.2"]
[White "Eljanov, Pavel"]
[Black "Ivanchuk, Vassily"]
[Result "1-0"]
[WhiteTitle "GM"]
[BlackTitle "GM"]
[WhiteElo "2719"]
[BlackElo "2726"]
[WhiteFideId "14102951"]
[BlackFideId "14100010"]
[EventDate "2014.11.11"]

1. d4 Nf6 2. c4 e6 3. Nf3 Bb4+ 4. Bd2 Qe7 5. g3 Bxd2+ 6. Qxd2 Nc6 7. e3 O-O 8.
Bg2 d6 9. Nc3 e5 10. Nd5 Qd8 11. O-O Re8 12. Qc3 Ne4 13. Qc2 exd4 14. exd4 Bg4
15. Rad1 Nf6 16. h3 Bxf3 17. Bxf3 Nxd5 18. cxd5 Qf6 19. Qc3 Ne7 20. Rfe1 g6 21.
Re4 Nf5 22. Rf4 Qd8 23. h4 Re7 24. Bg4 Nh6 25. Bh3 Kg7 26. g4 Ng8 27. Qf3 Qe8
28. g5 h5 29. Rd3 Re1+ 30. Kh2 Qe7 31. Re3 Rxe3 32. fxe3 Rf8 33. e4 f6 34. Be6
fxg5 35. hxg5 Rxf4 36. Qxf4 Qf8 37. Qxf8+ Kxf8 38. Bc8 b6 39. Kg3 Ke8 40. Kf4
Ne7 41. Ba6 Kd8 42. Bb5 a5 43. a3 Ng8 44. Ke3 Ne7 45. Kd3 Ng8 46. Kc3 Ne7 47.
Bf1 Nc8 48. Bh3 Na7 49. Kc4 Ke7 50. Kd3 Ke8 51. e5 Kd8 52. Ke4 Ke7 53. Kf4 Ke8
54. Ke3 Ke7 55. Kd3 Ke8 56. Kc4 Ke7 57. Bg2 Kf8 58. Be4 Kg7 59. b4 axb4 60. Kxb4
h4 61. Bg2 Kf8 62. a4 Kg7 63. Bh3 Kf7 64. a5 Ke7 65. a6 Kf7 66. Kc3 1-0

[Event "83rd ch-UKR 2014"]
[Site "Lviv UKR"]
[Date "2014.11.12"]
[Round "2.3"]
[White "Moiseenko, Alexander"]
[Black "Kuzubov, Yuriy"]
[Result "1/2-1/2"]
[WhiteTitle "GM"]
[BlackTitle "GM"]
[WhiteElo "2701"]
[BlackElo "2661"]
[WhiteFideId "14102560"]
[BlackFideId "14112906"]
[EventDate "2014.11.11"]

1. d4 d6 2. e4 Nf6 3. Nc3 e5 4. Nf3 Nbd7 5. Bc4 Be7 6. O-O O-O 7. a4 c6 8. Re1
exd4 9. Nxd4 Nc5 10. Bf4 a5 11. h3 Be6 12. Nxe6 fxe6 13. Qe2 Nfd7 14. Bg3 Bh4
15. Bxe6+ Nxe6 16. Qg4 Bxg3 17. Qxe6+ Kh8 18. fxg3 1/2-1/2

[Event "83rd ch-UKR 2014"]
[Site "Lviv UKR"]
[Date "2014.11.12"]
[Round "2.4"]
[White "Zubov, Alexander"]
[Black "Kovchan, Alexander"]
[Result "1/2-1/2"]
[WhiteTitle "GM"]
[BlackTitle "GM"]
[WhiteElo "2588"]
[BlackElo "2585"]
[WhiteFideId "14109409"]
[BlackFideId "14103052"]
[EventDate "2014.11.11"]

1. Nf3 Nf6 2. c4 g6 3. Nc3 d5 4. cxd5 Nxd5 5. Qb3 Nb6 6. d4 Bg7 7. e4 Bg4 8.
Bb5+ c6 9. Ng5 O-O 10. Be2 Bxe2 11. Nxe2 Na6 12. Be3 e5 13. dxe5 Bxe5 14. O-O
Qe7 15. Rad1 Bf6 16. h4 h6 17. Nf3 Qxe4 18. Ng3 Qa4 19. Qxa4 Nxa4 20. Bxh6 Rfe8
21. h5 Nxb2 22. Rd6 Be7 23. Rd4 Rad8 24. hxg6 fxg6 25. Rb1 Rxd4 26. Nxd4 Bf6 27.
Rxb2 Bxd4 28. Rxb7 Nc5 29. Rxa7 Nd3 30. Ra4 c5 1/2-1/2

[Event "83rd ch-UKR 2014"]
[Site "Lviv UKR"]
[Date "2014.11.12"]
[Round "2.5"]
[White "Areshchenko, Alexander"]
[Black "Bogdanovich, Stanislav"]
[Result "1-0"]
[WhiteTitle "GM"]
[BlackTitle "IM"]
[WhiteElo "2655"]
[BlackElo "2590"]
[WhiteFideId "14109530"]
[BlackFideId "14115298"]
[EventDate "2014.11.11"]

1. e4 c5 2. Nf3 Nc6 3. d4 cxd4 4. Nxd4 e5 5. Nb5 d6 6. N1c3 a6 7. Na3 Nf6 8. Bg5
Be7 9. Nc4 Nd4 10. Bxf6 Bxf6 11. Nd5 O-O 12. c3 Nc6 13. Ndb6 Rb8 14. Qxd6 Be6
15. Be2 Bg5 16. Qxd8 Rfxd8 17. h4 Be7 18. b4 f5 19. exf5 Bxf5 20. Ne3 Be6 21.
Bf3 a5 22. a3 axb4 23. axb4 Rd6 24. Nbd5 Bf8 25. O-O Rbd8 26. b5 Nb8 27. Ra8
R6d7 28. Nb6 Rc7 29. Nbd5 Rf7 30. Rd1 Rfd7 31. c4 Bc5 32. Bg4 Kf7 33. Bxe6+ Kxe6
34. Nc7+ Kf7 35. Rxd7+ Rxd7 36. Ncd5 Rd8 37. Kf1 Nc6 38. Rxd8 Nxd8 39. Ke2 Ke6
40. Nc3 h6 41. Ne4 Bf8 42. c5 1-0

[Event "83rd ch-UKR 2014"]
[Site "Lviv UKR"]
[Date "2014.11.12"]
[Round "2.6"]
[White "Kryvoruchko, Yuriy"]
[Black "Zubarev, Alexander1"]
[Result "1-0"]
[WhiteTitle "GM"]
[BlackTitle "GM"]
[WhiteElo "2706"]
[BlackElo "2588"]
[WhiteFideId "14109182"]
[BlackFideId "14104385"]
[EventDate "2014.11.11"]

1. e4 c6 2. d4 d5 3. e5 c5 4. dxc5 Nc6 5. Nf3 Bg4 6. c3 e6 7. Be3 a6 8. Qb3 Bxf3
9. gxf3 Qc7 10. f4 Nh6 11. Bh3 Be7 12. Nd2 O-O 13. O-O Kh8 14. Kh1 Rfd8 15. Qa4
f6 16. exf6 Bxf6 17. Nf3 Nf5 18. Rad1 Qf7 19. Rg1 Qe7 20. Bxf5 exf5 21. Rde1 Qe4
22. Qxe4 dxe4 23. Nd2 Rd5 24. Nc4 Rad8 25. Nd6 Kg8 26. c4 R5xd6 27. cxd6 Nb4 28.
c5 Nd3 29. Rb1 a5 30. Rgd1 Nxb2 31. Rxb2 Bxb2 32. Rb1 1-0

[Event "83rd ch-UKR 2014"]
[Site "Lviv UKR"]
[Date "2014.11.13"]
[Round "3.1"]
[White "Ivanchuk, Vassily"]
[Black "Zubov, Alexander"]
[Result "1/2-1/2"]
[WhiteTitle "GM"]
[BlackTitle "GM"]
[WhiteElo "2726"]
[BlackElo "2588"]
[WhiteFideId "14100010"]
[BlackFideId "14109409"]
[EventDate "2014.11.11"]

1. c4 e6 2. Nc3 d5 3. d4 Nf6 4. Bg5 Be7 5. e3 h6 6. Bh4 O-O 7. Qc2 c5 8. dxc5
dxc4 9. Bxc4 Qa5 10. Rc1 Qxc5 11. Be2 Nc6 12. Nf3 Bd7 13. O-O Rac8 14. a3 Ne5
15. Qb3 Nxf3+ 16. Bxf3 Bc6 17. Bxf6 Bxf6 18. Ne4 Qb5 19. Qxb5 1/2-1/2

[Event "83rd ch-UKR 2014"]
[Site "Lviv UKR"]
[Date "2014.11.13"]
[Round "3.2"]
[White "Ponomariov, Ruslan"]
[Black "Kryvoruchko, Yuriy"]
[Result "1-0"]
[WhiteTitle "GM"]
[BlackTitle "GM"]
[WhiteElo "2711"]
[BlackElo "2706"]
[WhiteFideId "14103320"]
[BlackFideId "14109182"]
[EventDate "2014.11.11"]

1. d4 Nf6 2. c4 e6 3. Nf3 b6 4. g3 Bb7 5. Bg2 Bb4+ 6. Bd2 Bxd2+ 7. Qxd2 O-O 8.
Nc3 Ne4 9. Qd3 Nxc3 10. Ng5 Ne4 11. Nxe4 d5 12. cxd5 exd5 13. Nc3 c6 14. O-O Nd7
15. b4 Nf6 16. Rfc1 Qd7 17. e3 Rfc8 18. a4 a5 19. Rab1 Ba6 20. Qc2 Bc4 21. bxa5
bxa5 22. e4 dxe4 23. Nxe4 Bd5 24. Nxf6+ gxf6 25. Be4 Qg4 26. Re1 Re8 27. Bxd5
cxd5 28. Qc6 Rf8 29. Qxf6 Rae8 30. Re5 Rxe5 31. Qxe5 Qf3 32. Rc1 h6 33. Rc6 Kh7
34. Rf6 Qe4 35. Qh5 Qe1+ 36. Kg2 Qe4+ 37. Kh3 Kg8 38. Qxh6 1-0

[Event "83rd ch-UKR 2014"]
[Site "Lviv UKR"]
[Date "2014.11.13"]
[Round "3.3"]
[White "Bogdanovich, Stanislav"]
[Black "Korobov, Anton"]
[Result "1-0"]
[WhiteTitle "IM"]
[BlackTitle "GM"]
[WhiteElo "2590"]
[BlackElo "2680"]
[WhiteFideId "14115298"]
[BlackFideId "14105730"]
[EventDate "2014.11.11"]

1. e4 c5 2. Nf3 d6 3. d4 cxd4 4. Nxd4 Nf6 5. Nc3 a6 6. Bg5 Nbd7 7. Qe2 h6 8. Bh4
g6 9. f4 e5 10. fxe5 dxe5 11. O-O-O Qc7 12. Nd5 Nxd5 13. exd5 Bd6 14. Nb3 b5 15.
Nd2 Nc5 16. Kb1 f5 17. g4 O-O 18. Bh3 fxg4 19. Bxg4 Kh7 20. Bxc8 Raxc8 21. Bf2
Na4 22. Ne4 Rf4 23. Rhg1 Ba3 24. Bg3 Nxb2 25. Bxf4 Nxd1 26. Qg2 Nc3+ 27. Ka1 Qf7
28. Qh3 Qf8 29. Ng5+ 1-0

[Event "83rd ch-UKR 2014"]
[Site "Lviv UKR"]
[Date "2014.11.13"]
[Round "3.5"]
[White "Zubarev, Alexander1"]
[Black "Eljanov, Pavel"]
[Result "0-1"]
[WhiteTitle "GM"]
[BlackTitle "GM"]
[WhiteElo "2588"]
[BlackElo "2719"]
[WhiteFideId "14104385"]
[BlackFideId "14102951"]
[EventDate "2014.11.11"]

1. e4 c5 2. Nf3 e6 3. c3 Nf6 4. e5 Nd5 5. d4 cxd4 6. cxd4 d6 7. Bc4 Nc6 8. O-O
Be7 9. Qe2 O-O 10. Re1 Nb6 11. Bb3 dxe5 12. dxe5 Nb4 13. Rd1 N4d5 14. Nc3 Nxc3
15. bxc3 Bd7 16. Qe4 Bc6 17. Qf4 Qc7 18. Nd4 Rfd8 19. Qg3 Be4 20. Re1 Bg6 21. h4
Nd5 22. Bd2 Rac8 23. Rac1 a6 24. Qh3 h5 25. Qg3 Qb6 26. Kh2 Nxc3 27. Bxc3 Rxc3
28. Rxc3 Rxd4 29. Qe3 Bc5 30. Rxc5 Qxc5 31. g3 Qb4 32. Rc1 Qd2 33. Qxd2 Rxd2 34.
Kg1 Re2 35. Rc5 b6 36. Rc8+ Kh7 37. f4 Be4 38. Rc3 Kg6 39. Kf1 Rb2 40. a3 b5 41.
Bd1 a5 42. Be2 a4 43. Kf2 Rb3 44. Rc5 Rxa3 45. Rxb5 Rb3 46. Ra5 a3 47. Ra4 Bd5 0-1

[Event "83rd ch-UKR 2014"]
[Site "Lviv UKR"]
[Date "2014.11.14"]
[Round "4.1"]
[White "Eljanov, Pavel"]
[Black "Ponomariov, Ruslan"]
[Result "1/2-1/2"]
[WhiteTitle "GM"]
[BlackTitle "GM"]
[WhiteElo "2719"]
[BlackElo "2711"]
[WhiteFideId "14102951"]
[BlackFideId "14103320"]
[EventDate "2014.11.11"]

1. d4 Nf6 2. c4 e6 3. Nf3 d5 4. Nc3 c6 5. e3 Nbd7 6. Bd3 dxc4 7. Bxc4 b5 8. Bd3
b4 9. Ne4 Nxe4 10. Bxe4 Bb7 11. Nd2 Qc7 12. b3 c5 13. Qf3 Bxe4 14. Nxe4 Rd8 15.
O-O c4 16. bxc4 Qxc4 17. a3 a5 18. axb4 axb4 19. Qg3 Qd5 20. f3 f5 21. Ng5 Be7
22. Ra6 f4 23. exf4 Qxd4+ 24. Qf2 Qxf2+ 25. Kxf2 Nc5 26. Rb6 O-O 27. Nxe6 Rf6
28. f5 Nxe6 29. Rxe6 Bc5+ 30. Ke2 Rxf5 31. Be3 Bxe3 32. Kxe3 1/2-1/2

[Event "83rd ch-UKR 2014"]
[Site "Lviv UKR"]
[Date "2014.11.14"]
[Round "4.2"]
[White "Kovchan, Alexander"]
[Black "Ivanchuk, Vassily"]
[Result "0-1"]
[WhiteTitle "GM"]
[BlackTitle "GM"]
[WhiteElo "2585"]
[BlackElo "2726"]
[WhiteFideId "14103052"]
[BlackFideId "14100010"]
[EventDate "2014.11.11"]

1. e4 c5 2. Nf3 d6 3. Bb5+ Bd7 4. Bxd7+ Nxd7 5. O-O Ngf6 6. Re1 Rc8 7. d3 e6 8.
Nc3 Be7 9. e5 dxe5 10. Nxe5 Nxe5 11. Rxe5 O-O 12. Qf3 Rc6 13. Re2 Ne8 14. Bf4 g5
15. Bd2 Ng7 16. Rae1 Nf5 17. Qh5 Nd4 18. Re3 f5 19. Rg3 g4 20. Bh6 Qe8 21. Qxe8
Rxe8 22. Rd1 Bh4 23. Re3 e5 24. Bf4 Rce6 25. Bg3 Bg5 26. Ree1 Nxc2 27. Rf1 f4
28. h4 Be7 29. Bh2 Rd8 30. a3 g3 31. fxg3 fxg3 32. Bxg3 Ne3 0-1

[Event "83rd ch-UKR 2014"]
[Site "Lviv UKR"]
[Date "2014.11.14"]
[Round "4.3"]
[White "Moiseenko, Alexander"]
[Black "Areshchenko, Alexander"]
[Result "1/2-1/2"]
[WhiteTitle "GM"]
[BlackTitle "GM"]
[WhiteElo "2701"]
[BlackElo "2655"]
[WhiteFideId "14102560"]
[BlackFideId "14109530"]
[EventDate "2014.11.11"]

1. d4 Nf6 2. c4 g6 3. Nc3 d5 4. Nf3 Bg7 5. Qb3 dxc4 6. Qxc4 O-O 7. e4 a6 8. Be2
b5 9. Qb3 c5 10. dxc5 Be6 11. Qc2 Nbd7 12. Be3 Rc8 13. Rd1 b4 14. Nd5 Bxd5 15.
exd5 Nxc5 16. O-O Nce4 17. Qd3 Qd6 18. Qxa6 Rc2 19. Bd4 Nc5 20. Qxd6 exd6 21.
Bb5 Nfe4 22. Ne1 Rd2 23. Bxg7 Rxd1 24. Bxf8 Kxf8 25. Nf3 Rxd5 26. Bc4 Rf5 27.
Nd4 Rf4 28. Ne2 Rf5 29. Ng3 Rf4 30. Ne2 Rf5 31. Ng3 Rf4 32. Ne2 1/2-1/2

[Event "83rd ch-UKR 2014"]
[Site "Lviv UKR"]
[Date "2014.11.14"]
[Round "4.4"]
[White "Zubov, Alexander"]
[Black "Zubarev, Alexander1"]
[Result "1-0"]
[WhiteTitle "GM"]
[BlackTitle "GM"]
[WhiteElo "2588"]
[BlackElo "2588"]
[WhiteFideId "14109409"]
[BlackFideId "14104385"]
[EventDate "2014.11.11"]

1. d4 Nf6 2. c4 d6 3. Nf3 g6 4. Nc3 Bg7 5. e4 O-O 6. Be2 e5 7. O-O Nbd7 8. d5
Nc5 9. Qc2 a5 10. Bg5 h6 11. Be3 b6 12. Nd2 Bg4 13. Qd1 h5 14. Bg5 Qe8 15. b3
Bd7 16. a3 Nh7 17. Be3 f5 18. f3 f4 19. Bf2 g5 20. b4 Na4 21. Nxa4 Bxa4 22. Qe1
Bd7 23. c5 bxc5 24. bxc5 Qg6 25. Rb1 g4 26. Kh1 Rf7 27. cxd6 cxd6 28. Nc4 Ng5
29. Rg1 Bf8 30. Bh4 Rg7 31. Rb7 Be8 32. Rb6 Nf7 33. Qb1 Rc8 34. Nxa5 Rc3 35. Rb8
Nh6 36. Nc6 Re3 37. Bb5 gxf3 38. gxf3 Qxg1+ 39. Qxg1 Rxg1+ 40. Kxg1 Bg6 41. Ne7+ 1-0

[Event "83rd ch-UKR 2014"]
[Site "Lviv UKR"]
[Date "2014.11.14"]
[Round "4.5"]
[White "Kryvoruchko, Yuriy"]
[Black "Bogdanovich, Stanislav"]
[Result "1/2-1/2"]
[WhiteTitle "GM"]
[BlackTitle "IM"]
[WhiteElo "2706"]
[BlackElo "2590"]
[WhiteFideId "14109182"]
[BlackFideId "14115298"]
[EventDate "2014.11.11"]

1. e4 e5 2. Nf3 Nc6 3. Bb5 Nf6 4. O-O Nxe4 5. d4 Nd6 6. dxe5 Nxb5 7. a4 Nbd4 8.
Nxd4 d5 9. Nxc6 bxc6 10. Qd3 Qd7 11. Nd2 Be7 12. f4 a5 13. Qc3 d4 14. Qd3 Qd5
15. b3 g6 16. Re1 O-O 17. Ne4 Bf5 18. g4 Bxg4 19. Ba3 f5 20. Bxe7 fxe4 21. Qxe4
Rf7 22. Bg5 Re8 23. Rac1 Qd7 24. Qd3 c5 25. Qg3 Be6 26. Rcd1 Bd5 27. Rd2 Bb7 28.
h4 h5 29. Kh2 Kh7 30. Rg1 Be4 31. Bf6 c4 32. bxc4 Qxa4 33. Qf2 c5 34. Re2 Bf5
35. Rg5 Qxc4 36. Rxf5 gxf5 37. Qf3 Rxf6 38. Rg2 Rg8 39. Rxg8 Qxg8 40. exf6 Qg4
41. Qb7+ Kh6 42. Qf7 Qxh4+ 43. Kg2 Qg4+ 44. Kh1 Qd1+ 45. Kg2 Qxc2+ 46. Kg1 Qc1+
47. Kg2 Qb2+ 48. Kg1 Qa1+ 49. Kg2 Qb2+ 50. Kg1 Qb1+ 51. Kg2 Qe4+ 52. Kg1 Qe1+
53. Kg2 Qe4+ 54. Kg1 Qe3+ 55. Kg2 Qe2+ 56. Kg1 Qg4+ 57. Kh1 Qh3+ 58. Kg1 Qg3+
59. Kh1 h4 60. Qf8+ Kh5 61. Qe8+ Kg4 62. Qe2+ Kxf4 63. f7 Qg7 64. Qe8 Qg4 65.
f8=Q Qf3+ 66. Kg1 Qg3+ 67. Kf1 Qf3+ 68. Ke1 Qc3+ 69. Kf1 Qf3+ 70. Ke1 1/2-1/2

[Event "83rd ch-UKR 2014"]
[Site "Lviv UKR"]
[Date "2014.11.14"]
[Round "4.6"]
[White "Korobov, Anton"]
[Black "Kuzubov, Yuriy"]
[Result "1/2-1/2"]
[WhiteTitle "GM"]
[BlackTitle "GM"]
[WhiteElo "2680"]
[BlackElo "2661"]
[WhiteFideId "14105730"]
[BlackFideId "14112906"]
[EventDate "2014.11.11"]

1. d4 Nf6 2. c4 e6 3. Nf3 Bb4+ 4. Nbd2 d5 5. Qa4+ Nc6 6. a3 Be7 7. e3 a5 8. Qc2
a4 9. cxd5 exd5 10. Bb5 O-O 11. Bxa4 Bd7 12. Bxc6 Bxc6 13. O-O Ra6 14. Re1 Bd6
15. Nf1 Qe7 16. Bd2 Ne4 17. Ng3 Ba4 18. Qd3 Bxg3 19. hxg3 Rh6 20. Qe2 Qf6 21.
Bb4 Rc8 22. Rf1 Qf5 23. Nh4 Qd7 24. Qf3 Rf6 25. Qh5 g6 26. Qe2 Bb5 27. Qc2 Re8
28. Nf3 Rxf3 29. gxf3 Ng5 30. f4 Nf3+ 31. Kg2 Nh4+ 32. Kh2 Nf3+ 33. Kg2 Nh4+ 34.
Kh2 Nf3+ 1/2-1/2

[Event "83rd ch-UKR 2014"]
[Site "Lviv UKR"]
[Date "2014.11.15"]
[Round "5.1"]
[White "Bogdanovich, Stanislav"]
[Black "Eljanov, Pavel"]
[Result "1/2-1/2"]
[WhiteTitle "IM"]
[BlackTitle "GM"]
[WhiteElo "2590"]
[BlackElo "2719"]
[WhiteFideId "14115298"]
[BlackFideId "14102951"]
[EventDate "2014.11.11"]

1. d4 Nf6 2. c4 e6 3. Nf3 b6 4. g3 Bb7 5. Bg2 Be7 6. O-O O-O 7. Re1 Na6 8. Nc3
Ne4 9. Qa4 Nxc3 10. bxc3 d6 11. e4 Nb8 12. e5 dxe5 13. Nxe5 Bxg2 14. Kxg2 Qe8
15. Qxe8 Rxe8 16. a4 Bd6 17. a5 Bxe5 18. axb6 cxb6 19. Rxe5 Nd7 20. Re2 Rec8 21.
Ra4 h6 22. Rea2 Nf6 23. Kf3 b5 24. cxb5 Rxc3+ 25. Be3 Rb8 26. Rxa7 Rxb5 27. R7a3
Rxa3 28. Rxa3 g5 29. h3 Kg7 30. Ra8 Kg6 31. Rc8 Rb3 32. Ra8 Nd5 33. Ke2 f5 34.
Bd2 Rb2 35. f3 f4 36. g4 Nc3+ 37. Kd3 Nd5 38. Rg8+ Kf7 39. Rh8 Nf6 40. Rc8 Rb3+
41. Rc3 Rb7 1/2-1/2